Score 0/14 Timer 02:00
0 Plays Today
Clue 4-Letter Word % Correct
The capital of ItalyROME
92.6%
Beat one's wingsFLAP
88.6%
A complete disasterFLOP
82.9%
'___ ___ fizz fizz, oh what a relief it is!'PLOP
81.3%
Kind of deck on a shipPOOP
80.3%
'___ and Circumstance'POMP
80.3%
Custard with a caramel glazeFLAN
77%
Clue 4-Letter Word % Correct
The Beatles' 'Ticket to ___'RIDE
77%
A fleshy fruit, like an applePOME
73.8%
Encrusted frostRIME
69.2%
An assistantAIDE
62.6%
Star of TV's M*A*S*H (with first rung)ALDA
57.9%
Star of TV's M*A*S*H (with last rung)ALAN
57.7%
Opera by Giuseppe VerdiAIDA
54.7%

Today's Daily Dose

Remove Ads.
Support Sporcle.
Get the best of Sporcle when you Go Orange. This ad-free experience offers more features, more stats, and more fun while also helping to support Sporcle. Thank you for becoming a member.

You're not logged in!

Compare scores with friends on all Sporcle quizzes.
OR
Log In

Show Comments

Extras

Top Quizzes Today


Score Distribution

Your Account Isn't Verified!

In order to create a playlist on Sporcle, you need to verify the email address you used during registration. Go to your Sporcle Settings to finish the process.

Report this User

Report this user for behavior that violates our Community Guidelines.

Details: